书目信息 |
| 题名: |
广告经营管理
|
|
| 作者: | 曾兰平 编著 | |
| 分册: | ||
| 出版信息: | 武汉 华中科技大学出版社 2014.1 |
|
| 页数: | 232页 | |
| 开本: | 26cm | |
| 丛书名: | “十二五”高等院校应用型学科规划教材 | |
| 单 册: | ||
| 中图分类: | F713.82 | |
| 科图分类: | ||
| 主题词: | 广告--guang gao--经济管理--高等学校--教材 | |
| 电子资源: | ||
| ISBN: | 978-7-5609-9526-7 | |
| 000 | 01203nam 2200265 450 | |
| 001 | 0100004548 | |
| 005 | 20140808155400.0 | |
| 010 | @a978-7-5609-9526-7@dCNY30.00 | |
| 100 | @a20130318d2014 em y0chiy0121 ea | |
| 101 | 0 | @achi |
| 102 | @aCN@b420000 | |
| 105 | @aak a 000yy | |
| 106 | @ar | |
| 200 | 1 | @a广告经营管理@Aguang gao jing ying guan li@f曾兰平编著 |
| 210 | @a武汉@c华中科技大学出版社@d2014.1 | |
| 215 | @a232页@c图@d26cm | |
| 225 | 2 | @a“十二五”高等院校应用型学科规划教材@A“shi er wu ”gao deng yuan xiao ying yong xing xue ke gui hua jiao cai@i广告学系列@f总主编姚曦 |
| 320 | @a有书目 (第230-232页) | |
| 330 | @a本教材运用制度经济学、产业经济学、发展经济学以及社会学、法学、管理学等相关理论知识, 从宏观、中观及微观三个层面对国际国内广告经营管理进行客观关照, 归纳总结其规律性的常识, 并探讨不同广告市场主体在广告经营方面所采取的不同模式所具有的成就和局限, 以及我国广告经营管理存在的问题、局限及对策。 | |
| 410 | 0 | @12001 @a“十二五”高等院校应用型学科规划教材@i广告学系列@f总主编姚曦 |
| 606 | 0 | @a广告@Aguang gao@x经济管理@x高等学校@j教材 |
| 690 | @aF713.82@v5 | |
| 701 | 0 | @a曾兰平@Azeng lan ping@4编著 |
| 801 | 0 | @aCN@c20160515 |
| 905 | @a河南城建学院图书馆@dF713.82@eZ025 | |
| 广告经营管理/曾兰平编著.-武汉:华中科技大学出版社,2014.1 |
| 232页:图;26cm.-(“十二五”高等院校应用型学科规划教材.广告学系列/总主编姚曦) |
| ISBN 978-7-5609-9526-7:CNY30.00 |
| 本教材运用制度经济学、产业经济学、发展经济学以及社会学、法学、管理学等相关理论知识, 从宏观、中观及微观三个层面对国际国内广告经营管理进行客观关照, 归纳总结其规律性的常识, 并探讨不同广告市场主体在广告经营方面所采取的不同模式所具有的成就和局限, 以及我国广告经营管理存在的问题、局限及对策。 |
| ● |
| 相关链接 |
|
|
|
正题名:广告经营管理
索取号:F713.82/Z025
 
预约/预借
| 序号 | 登录号 | 条形码 | 馆藏地/架位号 | 状态 | 备注 |
| 1 | 1253072 | 212530723 | 社科库409/409社科库 44排7列4层/ [索取号:F713.82/Z025] | 在馆 | |
| 2 | 1253073 | 212530732 | 社科库409/409社科库 44排7列4层/ [索取号:F713.82/Z025] | 在馆 | |
| 3 | 1253074 | 212530741 | 社科库409/409社科库 44排7列4层/ [索取号:F713.82/Z025] | 在馆 |